Central Library and Information Centre
Sibsagar Girls' College, Sivasagar : Assam

MODERN ENGLISH POETS (Record no. 3384)

MARC details
000 -LEADER
fixed length control field 00436cam a2200181ua 4500
008 - FIXED-LENGTH DATA ELEMENTS--GENERAL INFORMATION
fixed length control field 161018n II |||gr||||Z||||||eng
040 ## - CATALOGING SOURCE
Original cataloging agency MAIN
041 ## - LANGUAGE CODE
-- English
082 ## - DEWEY DECIMAL CLASSIFICATION NUMBER
Classification number 809.21 SCU
100 ## - MAIN ENTRY--PERSONAL NAME
Personal name SCUDDER, VIDA D.
245 ## - TITLE STATEMENT
Title MODERN ENGLISH POETS
260 ## - PUBLICATION, DISTRIBUTION, ETC.
Place of publication, distribution, etc. JAIPUR:
Name of publisher, distributor, etc. PRIENTWELL,
Date of publication, distribution, etc. 1988.
300 ## - PHYSICAL DESCRIPTION
Extent 349:
Dimensions 24CM.
700 ## - ADDED ENTRY--PERSONAL NAME
Personal name SCUDDER, VIDA D.,
Relator term AUTHOR.
942 ## - ADDED ENTRY ELEMENTS (KOHA)
Koha item type Books
653 ## - INDEX TERM--UNCONTROLLED
Uncontrolled term Lives of English Poets
Holdings
Withdrawn status Lost status Damaged status Not for loan Collection code Home library Current library Shelving location Date acquired Full call number Barcode Date last seen Copy number Price effective from Koha item type Public note
        TBENG Central Library and Information Centre Sibsagar Girls College Central Library and Information Centre Sibsagar Girls College ENGLISH BOOK RACK 07.03.1985 809.21 SCU 11554 27.02.2020 1 27.02.2020 Books V
        REFENG Central Library and Information Centre Sibsagar Girls College Central Library and Information Centre Sibsagar Girls College ENGLISH REFERENCE RACK 07.03.1985 809.21 SCU 11555 27.02.2020 2 27.02.2020 Books V


Sibsagar Girl's College © 2020. All rights reserved.
Powered by Koha.
Maintained by Abhijit Borpuzari.